| 000 | 00855cad a22001935a 4500 | ||
|---|---|---|---|
| 001 | L151780 | ||
| 008 | 101210s2010 xxk 000 0 eng d | ||
| 035 | _a(Sirsi) u151780 | ||
| 041 | 0 | _aeng | |
| 110 | 2 |
_aEC Harris _94930 |
|
| 245 | 0 | 0 |
_aMarket view UK _bautumn 2010, spending review cuts education and social housing, infrastructure is OK for now _h[electronic resource] |
| 260 |
_a[S.l.] _bECHarris _c2010 |
||
| 520 | _aEffects of Comprehensive Spending Review (CSR) on contractors; construction output; public sector works; infrastructure; regional variation; affordability and the supply chain. | ||
| 590 | _aKA NTK | ||
| 651 | 4 |
_aUnited Kingdom _y |
|
| 690 | _aBUILT ENVIRONMENT-CONSTRUCTION MARKET | ||
| 856 | 4 | 0 |
_uhttps://www.echarris.com/pdf/7780_Market%20view_AUTUMN%202010.pdf _zView the item free of charge at www.echarris.com |
| 942 | _n0 | ||
| 999 |
_c111615 _d111615 |
||